[Event "AUTO-INT-533"]
[Site "http://www.queenalice.com/game.php?id=240714"]
[Date "2007.7.16"]
[Round "1"]
[White "sandrolemos"]
[Black "kanibal"]
[Result "0-1"]
[WhiteElo "1386"]
[BlackElo "1567"]

1. e4 e5 2. Nf3 Nc6 3. Nc3 Bb4 4. Bc4 Nh6 5. a3 Bxc3 6. bxc3 O-O 7. a4 a5 8. Ba3
d6 9. Qe2 Qf6 10. d4 exd4 11. cxd4 Bg4 12. h3 Bxf3 13. gxf3 Nxd4 14. Qd3 Nxf3+
15. Ke2 Rae8 16. Rag1 Nxg1+ 17. Rxg1 Qh4 18. Bd5 Re5 19. Qc4 Qh5+ 20. Ke1 c6 21.
Bxd6 cxd5 22. Qc7 Rxe4+ 23. Kd2 Qe2+ 24. Kc1 Rfe8 25. Kb2 Rc4 26. Qxa5 Qxc2+ 27.
Ka3 Qd3+ 28. Kb2 Qc2+ 29. Ka3 Qd3+ 30. Kb2 Rc2+ 31. Kb1 Qb3+ 32. Ka1 Ra2# 0-1

[Event "AUTO-INT-533"]
[Site "http://www.queenalice.com/game.php?id=240715"]
[Date "2007.7.16"]
[Round "1"]
[White "kanibal"]
[Black "sandrolemos"]
[Result "1-0"]
[WhiteElo "1533"]
[BlackElo "1374"]

1. Nf3 d5 2. d4 e6 3. Qd3 Bd7 4. Ne5 Nc6 5. e4 Bb4+ 6. Bd2 dxe4 7. Qxe4 Qe7 8.
c3 Bd6 9. Nxc6 Bxc6 10. Qg4 Nh6 11. Qxg7 Qf8 12. Bxh6 Rg8 13. Qf6 Be7 14. Qf4
Rg7 15. Bxg7 Qxg7 16. Bd3 Qxg2 17. Rf1 O-O-O 18. Nd2 Qh3 19. Be4 Bd6 20. Qe3
Qxh2 21. Nf3 Qg2 22. Ke2 Bb5+ 23. Bd3 Ba6 24. Bxa6 bxa6 25. Rg1 Qh3 26. Ng5 Qf5
27. b4 Bh2 28. Rg2 Bf4 29. Qd3 Qd5 30. f3 Rg8 31. Rag1 Qxa2+ 32. Kf1 a5 33. Rxa2
axb4 34. cxb4 Rxg5 35. Rxa7 Kd7 36. Rxg5 Bxg5 37. Qb5+ Kd6 38. Qxg5 h6 39. Qxh6
1-0

[Event "AUTO-INT-533"]
[Site "http://www.queenalice.com/game.php?id=240716"]
[Date "2007.7.16"]
[Round "1"]
[White "sandrolemos"]
[Black "ray"]
[Result "0-1"]
[WhiteElo "1345"]
[BlackElo "1515"]

1. e4 c5 2. d3 Nc6 3. Bf4 Nf6 4. Nf3 g6 5. Be2 Bg7 6. Nc3 d6 7. Qd2 O-O 8. Qe3
Be6 9. Nh4 Nh5 10. Nb5 a6 11. Na3 Bd4 12. Qd2 Nxf4 13. c3 Be5 14. Nc4 Bxc4 15.
dxc4 Nxe2 16. Qxe2 Qd7 17. Qe3 Qg4 18. g3 e6 19. Nf3 f5 0-1

[Event "AUTO-INT-533"]
[Site "http://www.queenalice.com/game.php?id=240717"]
[Date "2007.7.16"]
[Round "1"]
[White "ray"]
[Black "sandrolemos"]
[Result "1-0"]
[WhiteElo "1604"]
[BlackElo "1336"]

1. c4 c5 2. Nc3 e5 3. g3 b6 4. Bg2 Nc6 5. e3 Ba6 6. b3 Be7 7. Nge2 Qc7 8. O-O
Nf6 9. Bxc6 dxc6 10. f4 exf4 11. Nxf4 O-O 12. Bb2 Rad8 13. Qc2 b5 14. cxb5 cxb5
15. e4 c4 16. bxc4 bxc4 17. Rfd1 Bb7 18. Nh3 Bc5+ 19. Nf2 1-0

[Event "Challenge"]
[Site "http://www.queenalice.com/game.php?id=251245"]
[Date "2007.8.5"]
[Round "-"]
[White "sandrolemos"]
[Black "vanderleiboth"]
[Result "0-1"]
[WhiteElo "1310"]
[BlackElo "1894"]

1. e4 e5 2. d3 Nf6 3. Nf3 Nc6 4. Be2 d5 5. exd5 Qxd5 6. Nc3 Bb4 7. O-O Bxc3 8.
bxc3 O-O 9. Bg5 Qd6 10. d4 Ne4 11. dxe5 Nxe5 12. Qd4 Nxf3+ 13. Bxf3 Qxd4 14.
cxd4 Nxg5 15. Be2 Rd8 16. Rfd1 b6 17. Rab1 Bb7 18. Rb5 Ne6 19. c3 Nf4 20. Bc4
Nxg2 21. Rf5 Rd7 22. d5 Nh4 23. Rf4 Ng6 24. Rdd4 Nxf4 25. Rxf4 Bxd5 26. Be2 Bxa2
27. h4 a5 28. h5 Re8 29. Kf1 Rd2 30. Ra4 Rexe2 31. Kg2 Rxf2+ 32. Kg3 Bd5 33. Rf4
Rg2+ 34. Kh4 Rg1 35. Kh3 Rh1+ 36. Kg3 Rg2# 0-1

[Event "Challenge"]
[Site "http://www.queenalice.com/game.php?id=256196"]
[Date "2007.8.15"]
[Round "-"]
[White "sandrolemos"]
[Black "vanderleiboth"]
[Result "0-1"]
[WhiteElo "1356"]
[BlackElo "2135"]

1. e4 c5 2. Nc3 Nc6 3. Bc4 e6 4. Nf3 Nf6 5. d3 Bd6 6. Be3 O-O 7. Qe2 a6 8. e5
Nxe5 9. Nxe5 Bxe5 10. Bxc5 d6 11. Bb4 b5 12. Bb3 a5 13. Ne4 axb4 14. Rd1 Bxb2
15. Rb1 Nxe4 16. Qxe4 Bc3+ 17. Kd1 Qg5 18. f4 Qg4+ 19. Qf3 Qxf3+ 20. gxf3 Bb7
21. Rf1 Rac8 22. h4 Rc5 23. Ke2 Bd4 24. c4 bxc3 25. Bc2 f5 26. Rb4 Bf6 27. a4
bxa4 28. Rxb7 Ra5 29. h5 a3 30. Rb4 a2 31. Ra4 Rxa4 32. Bxa4 Ra8 33. Bb3 a1=Q
34. Rxa1 Rxa1 35. d4 d5 36. Kd3 Rf1 37. Kxc3 Rxf3+ 38. Kb4 Rxf4 39. Kc5 Kf7 40.
Kd6 Rxd4 41. Kd7 f4 42. Bc2 h6 43. Bg6+ Kf8 44. Bc2 f3 45. Kxe6 f2 46. Bf5 f1=Q
47. Bg6 Qa6+ 48. Kd7 Be7 49. Kc7 Rc4+ 50. Kd7 Qd6# 0-1

[Event "Challenge"]
[Site "http://www.queenalice.com/game.php?id=261402"]
[Date "2007.8.25"]
[Round "-"]
[White "sandrolemos"]
[Black "segat"]
[Result "1-0"]
[WhiteElo "1377"]
[BlackElo "1440"]

1. d4 d5 2. Nc3 Nf6 3. e3 Nc6 4. Bb5 e6 5. Nf3 Bb4 6. Qd3 O-O 7. a3 Bd6 8. Nh4
Ng4 9. e4 a6 10. Ba4 b5 11. Bb3 Qxh4 12. g3 Qh5 13. e5 Be7 14. Bd2 Rb8 15. O-O-O
Nxh2 16. Rxh2 Qxh2 17. Rf1 a5 18. a4 Nb4 19. Qf3 f5 20. Rh1 Qxh1+ 21. Qxh1 f4
22. gxf4 Rxf4 23. Bxf4 Bb7 24. Nd1 Rf8 25. c3 Nd3+ 26. Kb1 Rxf4 27. Bc2 Nxf2 28.
Qxh7+ Kf8 29. Bg6 Nxd1 30. Qh8# 1-0

[Event "Challenge"]
[Site "http://www.queenalice.com/game.php?id=276027"]
[Date "2007.9.23"]
[Round "-"]
[White "sandrolemos"]
[Black "segat"]
[Result "0-1"]
[WhiteElo "1389"]
[BlackElo "1419"]

1. e4 Nf6 2. d3 e5 3. Bg5 Bb4+ 4. c3 Bd6 5. Be2 Nc6 6. Qb3 a6 7. Bxf6 Qxf6 8.
Nh3 Na5 9. Qc2 Qg6 10. Rg1 Be7 11. Nd2 d6 12. O-O-O b5 13. d4 c5 14. dxe5 dxe5
15. Nb3 O-O 16. Nxa5 Be6 17. f4 exf4 18. Nxf4 Qf6 19. Nxe6 fxe6 20. Nb3 c4 21.
Nc5 Bxc5 22. Rgf1 Qg5+ 23. Qd2 Be3 24. b3 Bxd2+ 25. Rxd2 Qxg2 26. bxc4 Rxf1+ 27.
Kb2 bxc4 28. Kc2 Qxe4+ 29. Kb2 Rb8+ 30. Ka3 Qf4 31. Rb2 Rc8 32. Rb4 Qe3 33. Bxf1
Qc1+ 34. Ka4 Qxf1 35. Ka5 Ra8 36. Rb6 Qf8 37. Rxa6 Rb8 38. Rxe6 Qa3# 0-1

[Event "Challenge"]
[Site "http://www.queenalice.com/game.php?id=276438"]
[Date "2007.9.24"]
[Round "-"]
[White "sandrolemos"]
[Black "segat"]
[Result "1-0"]
[WhiteElo "1346"]
[BlackElo "1548"]

1. e4 Nf6 2. Bc4 e6 3. Nc3 Bd6 4. Qe2 Nc6 5. Nh3 O-O 6. O-O a6 7. a4 a5 8. Nb5
Bc5 9. e5 Ne8 10. Ra3 d5 11. Bd3 b6 12. Bxh7+ Kxh7 13. Qh5+ Kg8 14. Rg3 g6 15.
Qh6 Nxe5 16. Ng5 Bxf2+ 17. Rxf2 Qe7 18. Qh7# 1-0

[Event "Challenge"]
[Site "http://www.queenalice.com/game.php?id=301607"]
[Date "2007.11.10"]
[Round "-"]
[White "otnedia1"]
[Black "sandrolemos"]
[Result "1-0"]
[WhiteElo "1422"]
[BlackElo "1370"]

1. e4 e5 2. Bc4 Nh6 3. Qh5 g6 4. Qxe5+ Qe7 5. Qxh8 Qxe4+ 6. Be2 d6 7. Nc3 Qe7 8.
Nd5 Qh4 9. Nf3 Qa4 10. Nxc7+ Ke7 11. Nxa8 Bg4 12. b3 1-0

[Event "Challenge"]
[Site "http://www.queenalice.com/game.php?id=349852"]
[Date "2008.2.7"]
[Round "-"]
[White "sandrolemos"]
[Black "vanderleiboth"]
[Result "0-1"]
[WhiteElo "1354"]
[BlackElo "2160"]

1. d4 d5 2. Nc3 Bf5 3. Bf4 e6 4. e3 Bb4 5. Nf3 a6 6. Be2 Nf6 7. a3 Ba5 8. b4 Bb6
9. Na4 Nbd7 10. b5 Ba5+ 11. Kf1 axb5 12. Nc5 Nxc5 13. dxc5 Bc3 14. Bd3 Bxa1 15.
Bxf5 Bc3 16. Be5 Bxe5 17. Nxe5 exf5 18. g4 Qe7 19. g5 Ne4 20. f4 Qxc5 21. Kg2
Rxa3 22. h4 Qxe3 23. Qd3 Rxd3 24. cxd3 Qg3+ 25. Kf1 Qf2# 0-1

[Event "Challenge"]
[Site "http://www.queenalice.com/game.php?id=379580"]
[Date "2008.3.30"]
[Round "-"]
[White "caina16"]
[Black "sandrolemos"]
[Result "1-0"]
[WhiteElo "1594"]
[BlackElo "1350"]

1. e4 e5 2. Nf3 Nf6 3. Nxe5 Qe7 4. d4 Nxe4 5. Qe2 d5 6. Qd3 f6 7. Nf3 Nc5+ 8.
Qe2 Ne6 9. g3 Qb4+ 10. Nc3 Bd6 11. Bg2 O-O 12. O-O Nxd4 13. Nxd4 Qxd4 14. Be3
Qe5 15. Bxd5+ Rf7 16. Bxf7+ Kxf7 17. Qc4+ Be6 18. Qe4 Qxe4 19. Nxe4 Nd7 20.
Nxd6+ cxd6 21. Rad1 Ne5 22. Rxd6 Rc8 23. Bxa7 Rxc2 24. Rb6 Bh3 25. Rd1 Nf3+ 26.
Kh1 Rxf2 27. Rxb7+ Kg6 28. Bxf2 Ng5 29. Rd8 Bg4 30. Rg8 Nh3 31. Rgxg7+ Kf5 32.
Rb5+ Ke4 33. Rxg4+ Kf3 34. Rh4 Nxf2+ 35. Kg1 Ke2 36. Rxh7 Nd1 37. Re7+ 1-0

[Event "Let's Play Chess!"]
[Site "http://www.queenalice.com/game.php?id=382908"]
[Date "2008.4.6"]
[Round "-"]
[White "sandrolemos"]
[Black "MCMLXXXI"]
[Result "0-1"]
[WhiteElo "1352"]
[BlackElo "1700"]

1. e4 e5 2. Bb5 Nf6 3. Nf3 c6 4. Bc4 d6 5. Ng5 d5 6. exd5 cxd5 7. Bb5+ Bd7 8.
Qe2 Bd6 9. d4 O-O 10. Bd3 Re8 11. O-O Nc6 12. Qe3 exd4 13. Qd2 Qc7 14. Re1 h6
15. Nf3 Nb4 16. Nxd4 Bxh2+ 17. Kf1 Rxe1+ 18. Qxe1 Nxd3 19. Qd2 Nxc1 20. Qxc1
Bb5+ 21. Nxb5 Qc4+ 22. Ke1 Re8+ 23. Kd2 Bf4+ 24. Kd1 Qf1# 0-1

[Event "Challenge"]
[Site "http://www.queenalice.com/game.php?id=387396"]
[Date "2008.4.14"]
[Round "-"]
[White "vanderleiboth"]
[Black "sandrolemos"]
[Result "1-0"]
[WhiteElo "2180"]
[BlackElo "1315"]

1. e4 e5 2. Nf3 Qf6 3. Nc3 Bb4 4. Nd5 Qd6 5. c3 Ba5 6. b4 Bb6 7. d4 Nc6 8. Nxb6
cxb6 9. b5 Na5 10. Nxe5 Nf6 11. Bd3 Qe7 12. O-O d5 13. Bg5 Qc7 14. exd5 Nxd5 15.
c4 Nf6 16. Re1 O-O 17. Bxf6 Qd6 18. Bh4 Qxd4 19. Bxh7+ Kxh7 20. Qxd4 f6 21. Qe4+
Kg8 22. Ng6 f5 23. Qd5+ Rf7 24. Re8+ Kh7 25. Qxf7 Nc6 26. Rh8# 1-0

[Event "Challenge"]
[Site "http://www.queenalice.com/game.php?id=387397"]
[Date "2008.4.14"]
[Round "-"]
[White "sandrolemos"]
[Black "vanderleiboth"]
[Result "0-1"]
[WhiteElo "1327"]
[BlackElo "2152"]

1. d4 d5 2. Nc3 Bf5 3. Qd2 e6 4. Nf3 Bb4 5. e4 dxe4 6. Ne5 f6 7. Nc4 Ne7 8. a3
Bxc3 9. Qxc3 O-O 10. Be2 Nbc6 11. g4 Bg6 12. Be3 Nd5 13. Qd2 a5 14. h4 b5 15. h5
Be8 16. h6 g6 17. Rg1 b4 18. g5 f5 19. Ne5 Nxe5 20. dxe5 Qe7 21. Bc4 Bc6 22.
O-O-O bxa3 23. Kb1 axb2 0-1